000 011770000a22003010004500
003 LK-CoMWRAF
008 230817t ||||| |||| 00| 0 eng d
040 _aLK-CoMWRAF
_dLK-CoMWRAF
_eLK-CoMWRAF
041 _aeng
082 _a336
_bMIG
245 _aThe Migrant House Maid
_b
260 _bCentre for Society & Religion
_aColombo 10 (Sri Lanka)
_c1989
300 _ap.82
490 _aLogos - Vol: 28, No. 02 (August 1989)
650 _aA Study of Problems in families of Migratory Mothers as seen in a Paediatric unit in Colombo
650 _aCase Studies
650 _aCost of Migration
650 _aEarnings Abroad
650 _aEconomic Status
650 _aEducational Status
650 _aImpact on Children
650 _aMethodology<Profile of the Migrant
650 _aMigration of Muslim Women to Middle East and North Africa (MENA) - A Sociological Analysis (Kiruga Fernando)
650 _aObjective of the Study
650 _aReturned Migrant
650 _aThe Physical Psychological and Social Impact on Children of Women Leaving the Country to work as "Houemaids" in Foreign Countries for extended Period (Vijita Fernando)
942 _cBK
999 _c2142
_d2142